| 000 | 00407nam a2200169Ia 4500 | ||
|---|---|---|---|
| 008 | 230524s9999 xx 000 0 und d | ||
| 020 | _a9789351340164 | ||
| 082 |
_a621.57 _bARO |
||
| 100 | _aC P ARORA | ||
| 245 | 0 | _aRefrigeration and Air Conditioning | |
| 250 | _a18 | ||
| 260 |
_aNew Delhi _bMGH _c2013 |
||
| 300 | _a"1;981p," | ||
| 500 | _aQuantity Number: 30 | ||
| 650 | _aMechanics | ||
| 942 | _cBK | ||
| 999 |
_c54030 _d54030 |
||